[Event "DEM U14w"]
[Site "Willingen"]
[Date "2006.06.05"]
[Round "4.7"]
[White "Mertens, Pauline"]
[Black "Wisheckel, Lena"]
[Result "1/2-1/2"]
[WhiteElo "1658"]
[BlackElo "1545"]
[PlyCount "53"]
[EventDate "2006.??.??"]
[EventType "swiss"]
[EventRounds "9"]
[EventCountry "GER"]

1. e4 e5 2. Nf3 Nc6 3. Bb5 a6 4. Ba4 Nf6 5. O-O b5 6. Bb3 Be7 7. Re1 Bb7 8. c3
d6 9. d4 O-O 10. Bg5 exd4 11. Bxf6 Bxf6 12. cxd4 Re8 13. Nc3 Na5 14. Bc2 Nc4
15. b3 Nb6 16. Qd2 c5 17. Rad1 Rc8 18. dxc5 dxc5 19. Nd5 Nxd5 20. exd5 Rxe1+
21. Nxe1 Qd6 22. Nf3 c4 23. bxc4 Rxc4 24. Re1 Rc8 25. Qd3 g6 26. Bb3 Rc3 27.
Qd2 1/2-1/2

[Event "DEM U16w"]
[Site "Willingen"]
[Date "2006.06.03"]
[Round "1.1"]
[White "Mader, Manuela"]
[Black "Karmann, Anna"]
[Result "1/2-1/2"]
[WhiteElo "2061"]
[BlackElo "1709"]
[PlyCount "62"]
[EventDate "2006.??.??"]
[EventType "swiss"]
[EventRounds "9"]
[EventCountry "GER"]

1. e4 Nf6 2. e5 Nd5 3. d4 d6 4. c4 Nb6 5. exd6 cxd6 6. Nc3 g6 7. h3 Bg7 8. Nf3
O-O 9. Be3 Nc6 10. Rc1 e5 11. d5 Ne7 12. c5 dxc5 13. d6 Nc6 14. Bxc5 Bd7 15.
Be2 f5 16. O-O Kh8 17. Nb5 Qf6 18. Nc7 Rac8 19. Bxb6 axb6 20. Nd5 Qd8 21. b4 e4
22. Nd2 Be6 23. Nc4 Bxd5 24. Qxd5 Nxb4 25. Qxb7 Rb8 26. Qa7 b5 27. Ne3 Qxd6 28.
Rfd1 Nd3 29. Bxd3 exd3 30. a3 Rbc8 31. Rb1 Rfd8 1/2-1/2

[Event "DEM U16w"]
[Site "Willingen"]
[Date "2006.06.03"]
[Round "1.2"]
[White "Reh, Rebecca"]
[Black "Jussupow, Ekaterina"]
[Result "1/2-1/2"]
[WhiteElo "1709"]
[BlackElo "2021"]
[PlyCount "65"]
[EventDate "2006.??.??"]
[EventType "swiss"]
[EventRounds "9"]
[EventCountry "GER"]

1. e4 e6 2. d4 d5 3. Nd2 c5 4. Ngf3 cxd4 5. Bb5+ Bd7 6. Bxd7+ Qxd7 7. Nxd4 Nc6
8. Nxc6 bxc6 9. O-O Bd6 10. c4 d4 11. f4 Ne7 12. Qg4 Rg8 13. e5 f5 14. Qh5+ g6
15. Qxh7 Bc7 16. Nf3 O-O-O 17. Qh4 Rh8 18. Qg3 c5 19. Rd1 Nc6 20. a3 Rdg8 21.
b4 Qe7 22. Ng5 Bb6 23. Qf3 Kc7 24. b5 Na5 25. Qd3 Rh5 26. Bd2 Rgh8 27. h3 Kb8
28. Bxa5 Bxa5 29. Qf3 Rc8 30. a4 Rxg5 31. fxg5 Qxg5 32. Rd3 Qe7 33. Rf1 1/2-1/2

[Event "DEM U16w"]
[Site "Willingen"]
[Date "2006.06.03"]
[Round "1.3"]
[White "Fuchs, Judith"]
[Black "Billing, Tanja"]
[Result "1-0"]
[WhiteElo "2007"]
[BlackElo "1644"]
[PlyCount "137"]
[EventDate "2006.??.??"]
[EventType "swiss"]
[EventRounds "9"]
[EventCountry "GER"]

1. e4 c5 2. Nf3 d6 3. d4 cxd4 4. Nxd4 Nf6 5. Nc3 e6 6. Bg5 a6 7. Bd3 Be7 8. f4
O-O 9. Qf3 Nbd7 10. O-O-O Qc7 11. Rhe1 Rb8 12. Kb1 Qc5 13. Nb3 Qc6 14. Qh3 e5
15. f5 Re8 16. Re3 d5 17. Nxd5 Nxd5 18. exd5 Qxd5 19. Bxe7 Rxe7 20. Qh4 Re8 21.
f6 g6 22. g4 Qd6 23. g5 Qf8 24. Be2 Nb6 25. Bg4 Bxg4 26. Qxg4 h5 27. gxh6 Qxh6
28. Re4 Qh5 29. Qxh5 gxh5 30. Rg1+ Kh7 31. Rg7+ Kh6 32. a3 Nd5 33. Rxf7 Kg6 34.
Rd7 Nxf6 35. Rd6 Kf5 36. Re1 Ne4 37. Rh6 Kg5 38. Rb6 Kf5 39. Rf1+ Kg5 40. Rf7
h4 41. Rg7+ Kf5 42. Rh7 Kg5 43. Rb4 Nf6 44. Rg7+ Kh6 45. Rg2 Kh5 46. Nc5 Rbc8
47. Ne4 Nd5 48. Rxb7 Re7 49. Nf6+ Kh6 50. Rxe7 Nxe7 51. Ng4+ Kh5 52. Nxe5 Rc5
53. Nd3 Rf5 54. Kc1 Rf3 55. Kd2 Nf5 56. Ne5 Rf4 57. Nd3 Rf3 58. Rf2 Nd4 59. Rg2
Nf5 60. c3 Ne3 61. Re2 Nc4+ 62. Kc2 Ne3+ 63. Kb3 Kg5 64. Nc5 Nf5 65. Kc4 Nd6+
66. Kd5 Nb5 67. Nxa6 Rf6 68. Nc5 Nc7+ 69. Kc4 1-0

[Event "DEM U16w"]
[Site "Willingen"]
[Date "2006.06.03"]
[Round "1.4"]
[White "Voss, Janine"]
[Black "Zikeli, Saskia"]
[Result "0-1"]
[WhiteElo "1628"]
[BlackElo "1985"]
[PlyCount "96"]
[EventDate "2006.??.??"]
[EventType "swiss"]
[EventRounds "9"]
[EventCountry "GER"]

1. e4 c5 2. Nf3 d6 3. d4 cxd4 4. Nxd4 Nf6 5. Nc3 a6 6. Be2 e5 7. Nb3 Be7 8. Be3
O-O 9. Qd2 Be6 10. f4 Qc7 11. O-O Nbd7 12. f5 Bc4 13. g4 Kh8 14. g5 Ne8 15.
Rad1 b5 16. Rf2 b4 17. Nd5 Bxd5 18. Qxd5 Qd8 19. Rg2 a5 20. Nd2 Rc8 21. Nc4 Nc7
22. Qd2 Ne8 23. Qd5 Ra8 24. Bh5 Nc7 25. Qd2 Nb5 26. Be2 Qb8 27. Qd5 Nc7 28. Qd2
Ne8 29. Qd5 a4 30. b3 axb3 31. axb3 Nc7 32. Qd2 Ne8 33. Qd5 Ra2 34. Bh5 g6 35.
Bg4 gxf5 36. Bxf5 Qc7 37. Qb5 Nc5 38. Qxb4 Ng7 39. Qd2 Nxb3 40. Qf2 Nxf5 41.
Qxf5 Qxc4 42. Qd7 Qxe4 43. Qxe7 Qxe3+ 44. Kh1 Kg8 45. Qxd6 Qe4 46. Qc7 Nd4 47.
Rc1 Ne2 48. Rb1 Rxc2 0-1

[Event "DEM U16w"]
[Site "Willingen"]
[Date "2006.06.03"]
[Round "1.5"]
[White "Hannes, Diana"]
[Black "van Orsouw, Svenja"]
[Result "1/2-1/2"]
[WhiteElo "1958"]
[BlackElo "1596"]
[PlyCount "78"]
[EventDate "2006.??.??"]
[EventType "swiss"]
[EventRounds "9"]
[EventCountry "GER"]

1. e4 c5 2. Nf3 Nc6 3. d4 cxd4 4. Nxd4 Nf6 5. Nc3 e5 6. Ndb5 d6 7. Bg5 a6 8.
Na3 b5 9. Nd5 Be7 10. Bxf6 Bxf6 11. c3 O-O 12. Nc2 Bg5 13. a4 bxa4 14. Rxa4 a5
15. Bc4 Rb8 16. Ra2 Kh8 17. O-O f5 18. exf5 Bxf5 19. Nce3 Bg6 20. b3 Bxe3 21.
Nxe3 Ne7 22. Rd2 Rf6 23. Be2 d5 24. Nxd5 Rd6 25. c4 Bf7 26. Bf3 Nxd5 27. cxd5
Rdb6 28. Rd3 Rb4 29. Re1 Bg6 30. Rde3 h6 31. g3 Rd4 32. Qe2 e4 33. Bxe4 Bxe4
34. Rxe4 Qxd5 35. Re5 Qxb3 36. Qh5 Qc2 37. Rxa5 Rd2 38. Rc5 Qa4 39. Qg6 Rxf2
1/2-1/2

[Event "DEM U16w"]
[Site "Willingen"]
[Date "2006.06.03"]
[Round "1.6"]
[White "Dittrich, Jaqueline"]
[Black "Kickert, Germaine Helene"]
[Result "0-1"]
[WhiteElo "1589"]
[BlackElo "1913"]
[PlyCount "84"]
[EventDate "2006.??.??"]
[EventType "swiss"]
[EventRounds "9"]
[EventCountry "GER"]

1. d4 Nf6 2. Nf3 g6 3. e3 Bg7 4. Bd3 c5 5. c3 cxd4 6. exd4 Nc6 7. Bf4 d5 8.
Nbd2 a6 9. Nf1 Nh5 10. Be3 Qc7 11. Qd2 Bg4 12. Be2 b5 13. a3 Na5 14. Rb1 Bf5
15. Bd3 Bxd3 16. Qxd3 Qc4 17. Qxc4 bxc4 18. N1d2 Rb8 19. Kd1 O-O 20. Kc2 Rb7
21. b3 cxb3+ 22. Nxb3 Nc4 23. Bc1 Rfb8 24. Nbd2 Rxb1 25. Nxb1 Nf6 26. Nbd2 Nd6
27. Ne5 Rc8 28. f3 Nb5 29. Bb2 Nxd4+ 30. Kd3 Nf5 31. c4 dxc4+ 32. Nexc4 Rd8+
33. Ke2 Nd5 34. Bxg7 Kxg7 35. g3 Nc3+ 36. Kf2 Nd4 37. Rc1 Nd5 38. Rb1 Nb5 39.
Ne4 Rc8 40. a4 Nbc3 41. Nxc3 Nxc3 42. Rb4 Nd5 0-1

[Event "DEM U16w"]
[Site "Willingen"]
[Date "2006.06.03"]
[Round "1.7"]
[White "Hoffmann, Lena"]
[Black "Thiele, Andra"]
[Result "0-1"]
[WhiteElo "1910"]
[BlackElo "1578"]
[PlyCount "100"]
[EventDate "2006.??.??"]
[EventType "swiss"]
[EventRounds "9"]
[EventCountry "GER"]

1. Nc3 d5 2. e4 d4 3. Nce2 e5 4. Ng3 Be6 5. b3 Nd7 6. Bc4 Bxc4 7. bxc4 d3 8.
Nf3 f6 9. O-O Ne7 10. Ne1 Nc5 11. Ba3 dxc2 12. Qxc2 Nc6 13. Bxc5 Bxc5 14. Nd3
Be7 15. f4 Qd4+ 16. Nf2 O-O 17. Ne2 Qc5 18. f5 Nd4 19. Nxd4 Qxd4 20. Rab1 b6
21. Rb5 c6 22. Rb3 Rfd8 23. d3 Rd7 24. Rd1 Rad8 25. Kf1 Bc5 26. Rd2 h6 27. g3
Kf7 28. Qd1 Kg8 29. Kg2 Qd6 30. h4 Bxf2 31. Kxf2 Qc5+ 32. Kf3 Qe7 33. g4 Kf7
34. Qg1 Rg8 35. Rg2 Qd8 36. Ke2 c5 37. Qe3 Kf8 38. Rb1 Qe8 39. Qf3 Qf7 40. g5
hxg5 41. hxg5 Rc7 42. Rbg1 Rh8 43. Ke3 Rd7 44. a4 Ke8 45. g6 Qf8 46. Rb2 Qd6
47. Kd2 Rh2+ 48. Rg2 Rxg2+ 49. Qxg2 Qxd3+ 50. Ke1 Qc3+ 0-1

[Event "DEM U16w"]
[Site "Willingen"]
[Date "2006.06.03"]
[Round "1.9"]
[White "Zier, Verena"]
[Black "Dauer, Carolin"]
[Result "1-0"]
[WhiteElo "1872"]
[BlackElo "1572"]
[PlyCount "125"]
[EventDate "2006.??.??"]
[EventType "swiss"]
[EventRounds "9"]
[EventCountry "GER"]

1. d4 d5 2. c4 c6 3. Nc3 e6 4. e3 Nf6 5. Nf3 Nbd7 6. Qc2 a6 7. b3 Be7 8. Bd3
O-O 9. O-O Re8 10. e4 dxe4 11. Nxe4 Nxe4 12. Bxe4 Nf8 13. Be3 Bf6 14. Rad1 Qe7
15. Rfe1 Bd7 16. Bf4 Ng6 17. Bg3 Rac8 18. h3 Red8 19. Qe2 Be8 20. Bb1 c5 21.
Bxg6 hxg6 22. d5 Bd7 23. Qe4 b6 24. h4 Qe8 25. dxe6 Bxe6 26. Qb7 Qc6 27. Rxd8+
Bxd8 28. Qxa6 Ra8 29. Ne5 Qxg2+ 30. Kxg2 Rxa6 31. Rd1 Be7 32. a4 Bf5 33. Rd2 f6
34. Nd3 Ra7 35. Nf4 Kf7 36. Nd5 Rd7 37. Re2 Bd8 38. Kf3 Be6 39. Nf4 Bf5 40. Nd5
Be6 41. Rd2 f5 42. Ke2 g5 43. hxg5 Bxg5 44. Nf4 Rxd2+ 45. Kxd2 Bd8 46. Nd3 Ke8
47. a5 g5 48. axb6 Bxb6 49. Bd6 g4 50. Bxc5 Bc7 51. Be3 Kf7 52. Bf4 Ba5+ 53.
Ke3 Bc3 54. Be5 Ba5 55. Kd4 Bb6+ 56. c5 Bd8 57. b4 Ke7 58. Bd6+ Kd7 59. Nf4 Bg5
60. b5 Bxf4 61. Bxf4 Kc8 62. c6 Bb3 63. b6 1-0

[Event "DEM U16w"]
[Site "Willingen"]
[Date "2006.06.03"]
[Round "1.10"]
[White "Dobrusina, Anna"]
[Black "Erben, Larissa"]
[Result "0-1"]
[WhiteElo "1564"]
[BlackElo "1868"]
[PlyCount "56"]
[EventDate "2006.??.??"]
[EventType "swiss"]
[EventRounds "9"]
[EventCountry "GER"]

1. e4 c5 2. Nf3 e6 3. d4 cxd4 4. Nxd4 Nc6 5. Nb5 d6 6. c4 Nf6 7. N1c3 Be7 8.
Be2 O-O 9. O-O a6 10. Na3 Qc7 11. Be3 Rd8 12. f3 Nb4 13. Qe1 d5 14. Rd1 Bd6 15.
g3 Qc6 16. Qf2 Rd7 17. exd5 exd5 18. Rd2 Re7 19. c5 Rxe3 20. cxd6 Re8 21. Rfd1
Be6 22. Qd4 Qxd6 23. Nc4 Qe7 24. Ne3 Nc6 25. Nexd5 Bxd5 26. Nxd5 Nxd4 27. Nxe7+
Rxe7 28. Bxa6 Nxf3+ 0-1

[Event "DEM U16w"]
[Site "Willingen"]
[Date "2006.06.03"]
[Round "1.11"]
[White "Vollak, Marleen"]
[Black "Nekrassova, Ekatherina"]
[Result "1-0"]
[WhiteElo "1866"]
[BlackElo "1502"]
[PlyCount "55"]
[EventDate "2006.??.??"]
[EventType "swiss"]
[EventRounds "9"]
[EventCountry "GER"]

1. e4 c6 2. d4 d5 3. exd5 cxd5 4. Bd3 Nc6 5. c3 g6 6. h3 Bg7 7. Nf3 Nh6 8. O-O
O-O 9. Re1 f6 10. Bf4 Nf7 11. Bh2 e5 12. dxe5 fxe5 13. Nfd2 e4 14. Bc2 Nfe5 15.
Nb3 Qg5 16. Qxd5+ Kh8 17. Bxe4 Qf6 18. Bg3 Be6 19. Qd2 Rad8 20. Qc2 Bf5 21.
N1d2 Nd3 22. Re2 Rd7 23. Nf3 Rc8 24. Rd1 Nde5 25. Nxe5 Rxd1+ 26. Qxd1 Nxe5 27.
Bxe5 Qxe5 28. Bxb7 1-0

[Event "DEM U16w"]
[Site "Willingen"]
[Date "2006.06.03"]
[Round "1.12"]
[White "Ludwig, Lisa"]
[Black "Reh, Theresa"]
[Result "1-0"]
[WhiteElo "1421"]
[BlackElo "1840"]
[PlyCount "39"]
[EventDate "2006.??.??"]
[EventType "swiss"]
[EventRounds "9"]
[EventCountry "GER"]

1. Nc3 c5 2. e4 d6 3. Bc4 e6 4. d3 Nc6 5. a3 Nf6 6. Nge2 Be7 7. O-O O-O 8. f4
a6 9. Ng3 b5 10. Ba2 Bb7 11. f5 e5 12. Nd5 Nxd5 13. Bxd5 Na5 14. Ba2 Bc6 15.
Qg4 Kh8 16. Nh5 Bf6 17. Nxf6 gxf6 18. Qh5 d5 19. Rf3 Rg8 20. Rh3 1-0

[Event "DEM U16w"]
[Site "Willingen"]
[Date "2006.06.03"]
[Round "1.13"]
[White "Jehle, Anja"]
[Black "Hingst, Silke"]
[Result "1-0"]
[WhiteElo "1834"]
[BlackElo "1407"]
[PlyCount "69"]
[EventDate "2006.??.??"]
[EventType "swiss"]
[EventRounds "9"]
[EventCountry "GER"]

1. d4 f5 2. Bg5 Nf6 3. Bxf6 exf6 4. e3 b6 5. Qf3 d5 6. Bd3 g6 7. c4 c6 8. cxd5
Qxd5 9. Qxd5 cxd5 10. Nc3 Bb4 11. Rc1 Ba6 12. Be2 Kf7 13. Bf3 Rd8 14. a3 Bxc3+
15. Rxc3 Rd7 16. h4 Bb7 17. Ne2 Nc6 18. Nf4 Ne7 19. Kd2 Rc8 20. Rxc8 Bxc8 21.
Rc1 Bb7 22. g4 fxg4 23. Bxg4 f5 24. Bf3 h6 25. Nd3 Nc6 26. Rxc6 Bxc6 27. Ne5+
Ke6 28. Nxc6 g5 29. hxg5 hxg5 30. Nb4 Rd8 31. Bxd5+ Rxd5 32. Nxd5 Kxd5 33. Kd3
g4 34. a4 a6 35. b4 1-0

[Event "DEM U16w"]
[Site "Willingen"]
[Date "2006.06.03"]
[Round "1.14"]
[White "Öz, Edda"]
[Black "Zemella, Jennifer"]
[Result "1/2-1/2"]
[WhiteElo "1248"]
[BlackElo "1755"]
[PlyCount "95"]
[EventDate "2006.??.??"]
[EventType "swiss"]
[EventRounds "9"]
[EventCountry "GER"]

1. e4 e5 2. Nf3 d6 3. Nc3 Nf6 4. Bc4 Be7 5. d3 O-O 6. Be3 c6 7. Ne2 b5 8. Bb3
Nbd7 9. O-O Ng4 10. Bd2 Nc5 11. h3 Nxb3 12. axb3 Nf6 13. Ng3 Bd7 14. Nh2 d5 15.
f4 exf4 16. Bxf4 dxe4 17. dxe4 Be6 18. Qf3 Qd4+ 19. Be3 Qxb2 20. Rac1 Qe5 21.
Nf5 Bxf5 22. exf5 Bd6 23. Bf4 Bc5+ 24. Kh1 Qd5 25. Ng4 Nxg4 26. Qxg4 f6 27. h4
Kh8 28. Rcd1 Qf7 29. Rf3 Rad8 30. Rfd3 Rxd3 31. Rxd3 Re8 32. Kh2 Bb6 33. Rg3
Bf2 34. Rc3 c5 35. Qf3 Bd4 36. Rd3 b4 37. Be3 Qc7+ 38. Kh3 Be5 39. Qd5 Qc8 40.
g4 h5 41. Bxc5 hxg4+ 42. Kxg4 g6 43. Qd7 gxf5+ 44. Kxf5 a5 45. Bb6 Qa8 46.
Qxe8+ Qxe8 47. Rd8 Qxd8 48. Bxd8 1/2-1/2

[Event "DEM U16w"]
[Site "Willingen"]
[Date "2006.06.04"]
[Round "2.1"]
[White "Vollak, Marleen"]
[Black "Fuchs, Judith"]
[Result "0-1"]
[WhiteElo "1866"]
[BlackElo "2007"]
[PlyCount "62"]
[EventDate "2006.??.??"]
[EventType "swiss"]
[EventRounds "9"]
[EventCountry "GER"]

1. e4 c6 2. d4 d5 3. exd5 cxd5 4. Bd3 Nc6 5. c3 Qc7 6. h3 g6 7. Nf3 Bg7 8. O-O
Nf6 9. Re1 O-O 10. Be3 a6 11. a4 b6 12. Qc1 Re8 13. Bf4 Qd8 14. Ne5 Nxe5 15.
Bxe5 Nd7 16. Bxg7 Kxg7 17. Qg5 Bb7 18. Nd2 e5 19. Qg3 e4 20. Bc2 Nf6 21. Rad1
Nh5 22. Qe3 Qh4 23. c4 f5 24. c5 f4 25. Qb3 f3 26. gxf3 Nf4 27. fxe4 Nxh3+ 28.
Kg2 Qxf2+ 29. Kh1 Nf4 30. Qf3 Qh4+ 31. Kg1 Rf8 0-1

[Event "DEM U16w"]
[Site "Willingen"]
[Date "2006.06.04"]
[Round "2.2"]
[White "Zikeli, Saskia"]
[Black "Jehle, Anja"]
[Result "1-0"]
[WhiteElo "1985"]
[BlackElo "1834"]
[PlyCount "67"]
[EventDate "2006.??.??"]
[EventType "swiss"]
[EventRounds "9"]
[EventCountry "GER"]

1. e4 c5 2. Nf3 d6 3. d4 cxd4 4. Nxd4 Nf6 5. Nc3 a6 6. Bg5 e6 7. f4 Be7 8. Qf3
Qc7 9. O-O-O O-O 10. g4 Nbd7 11. Bxf6 Nxf6 12. g5 Nd7 13. h4 b5 14. Bd3 Nc5 15.
f5 Re8 16. g6 fxg6 17. fxg6 Rf8 18. gxh7+ Kh8 19. Qg2 Bb7 20. Qg4 b4 21. Nce2
Rac8 22. Kb1 Qd7 23. Rhg1 Bd8 24. Nf4 Rxf4 25. Qxf4 Bf6 26. Nf3 Qc7 27. Rd2 Bc3
28. bxc3 bxc3 29. Rdg2 Qb6+ 30. Kc1 Qb2+ 31. Kd1 Nxd3 32. Qg5 Qb1+ 33. Ke2
Qxc2+ 34. Ke3 1-0

[Event "DEM U16w"]
[Site "Willingen"]
[Date "2006.06.04"]
[Round "2.3"]
[White "Kickert, Germaine Helene"]
[Black "Benzen, Marthe"]
[Result "1/2-1/2"]
[WhiteElo "1913"]
[BlackElo "1573"]
[PlyCount "151"]
[EventDate "2006.??.??"]
[EventType "swiss"]
[EventRounds "9"]
[EventCountry "GER"]

1. e4 e5 2. Nf3 Nc6 3. d4 exd4 4. Nxd4 Bc5 5. Be3 Qf6 6. c3 Nge7 7. Bc4 Ne5 8.
Be2 d5 9. f4 N5c6 10. e5 Qh6 11. Qd2 Nxd4 12. cxd4 Bb6 13. Nc3 a6 14. Bf3 Ba5
15. a3 Bxc3 16. Qxc3 Qb6 17. Rc1 c6 18. g4 Bd7 19. f5 Nc8 20. h4 Na7 21. a4 h5
22. Bg5 hxg4 23. Bxg4 a5 24. e6 Bc8 25. exf7+ Kxf7 26. Qe3 Qb4+ 27. Kf1 Bd7 28.
Qe2 Raf8 29. Rc5 Nc8 30. Bh5+ Kg8 31. f6 Qxd4 32. f7+ Kh7 33. Rg1 Bf5 34. Be3
Qd3 35. Qxd3 Bxd3+ 36. Ke1 g6 37. Bd4 gxh5 38. Rg7+ Kh6 39. Rg3 Bg6 40. Bxh8
Rxh8 41. Rxa5 Bxf7 42. Rc5 Re8+ 43. Kd2 Nb6 44. b3 Re4 45. Rh3 Be6 46. Re3 Nd7
47. Rc1 Rxe3 48. Kxe3 Kg6 49. Kf4 Kf6 50. a5 Ne5 51. Ra1 d4 52. Ke4 Bxb3 53.
Rf1+ Ke6 54. Kxd4 Nc4 55. Ra1 Nd6 56. Kc5 Bd5 57. Kb6 Bf3 58. Rf1 Bd5 59. Ra1
Ke5 60. Ra4 Bc4 61. Ra1 Ba6 62. Ra4 Bb5 63. Ra1 Ba6 64. Ra4 Nf5 65. Rb4 Ne3 66.
Ra4 Kf5 67. Kc5 Nc4 68. Rxc4 Bxc4 69. Kxc4 Kg4 70. Kc5 Kxh4 71. Kb6 Kg3 72.
Kxb7 h4 73. a6 h3 74. a7 h2 75. a8=Q h1=Q 76. Qg8+ 1/2-1/2

[Event "DEM U16w"]
[Site "Willingen"]
[Date "2006.06.04"]
[Round "2.4"]
[White "Thiele, Andra"]
[Black "Zier, Verena"]
[Result "1/2-1/2"]
[WhiteElo "1578"]
[BlackElo "1872"]
[PlyCount "60"]
[EventDate "2006.??.??"]
[EventType "swiss"]
[EventRounds "9"]
[EventCountry "GER"]

1. e4 e6 2. d4 d5 3. Nc3 Nf6 4. e5 Nfd7 5. Nf3 c5 6. dxc5 Bxc5 7. Bd3 Nc6 8.
Bf4 Qb6 9. Qd2 Qxb2 10. Rb1 Qa3 11. O-O Bb4 12. Rb3 Qa5 13. a3 Bxc3 14. Rxc3 h6
15. Rxc6 Qxd2 16. Rxc8+ Rxc8 17. Bxd2 O-O 18. Bb4 Nc5 19. Nd2 Rfd8 20. Bxc5
Rxc5 21. Nb3 Rc3 22. Ra1 Rdc8 23. Nd4 a6 24. g3 Kf8 25. a4 Ke7 26. Rb1 R8c7 27.
Kf1 Kd7 28. Ke1 f6 29. f4 fxe5 30. fxe5 Ra3 1/2-1/2

[Event "DEM U16w"]
[Site "Willingen"]
[Date "2006.06.04"]
[Round "2.5"]
[White "Erben, Larissa"]
[Black "Ludwig, Lisa"]
[Result "1-0"]
[WhiteElo "1868"]
[BlackElo "1421"]
[PlyCount "51"]
[EventDate "2006.??.??"]
[EventType "swiss"]
[EventRounds "9"]
[EventCountry "GER"]

1. e4 e6 2. d4 d5 3. exd5 exd5 4. Nf3 Bg4 5. h3 Bh5 6. c4 Nc6 7. Be3 Nf6 8. Nc3
Be7 9. g4 Bg6 10. Ne5 dxc4 11. Nxg6 hxg6 12. Bxc4 Na5 13. Be2 Nd5 14. Bd2 Nc6
15. Bf3 Nxc3 16. bxc3 O-O 17. O-O f5 18. Qb3+ Kh7 19. Qxb7 Nxd4 20. cxd4 fxg4
21. hxg4 Rb8 22. Qe4 Bf6 23. Kg2 Bxd4 24. Rh1+ Kg8 25. Qe6+ Rf7 26. Bd5 1-0

[Event "DEM U16w"]
[Site "Willingen"]
[Date "2006.06.04"]
[Round "2.6"]
[White "van Orsouw, Svenja"]
[Black "Mader, Manuela"]
[Result "0-1"]
[WhiteElo "1596"]
[BlackElo "2061"]
[PlyCount "58"]
[EventDate "2006.??.??"]
[EventType "swiss"]
[EventRounds "9"]
[EventCountry "GER"]

1. e4 c6 2. d4 d5 3. f3 g6 4. Nc3 Bg7 5. Be3 Qb6 6. Qd2 Qxb2 7. Rb1 Qa3 8. exd5
Nf6 9. dxc6 bxc6 10. Bd3 O-O 11. Nge2 Ba6 12. O-O Nbd7 13. Rb3 Qa5 14. Rfb1
Bxd3 15. Qxd3 Nb6 16. Bf2 Rfd8 17. h3 e5 18. R1b2 Nh5 19. Qe4 Nc4 20. Qxc6 Rac8
21. Qb5 Qxb5 22. Nxb5 Nxb2 23. Rxb2 a6 24. Na3 exd4 25. Rb3 Be5 26. Rd3 Nf4 27.
Nxf4 Bxf4 28. Rxd4 Rxd4 29. Bxd4 Bc1 0-1

[Event "DEM U16w"]
[Site "Willingen"]
[Date "2006.06.04"]
[Round "2.8"]
[White "Karmann, Anna"]
[Black "Hannes, Diana"]
[Result "1-0"]
[WhiteElo "1709"]
[BlackElo "1958"]
[PlyCount "89"]
[EventDate "2006.??.??"]
[EventType "swiss"]
[EventRounds "9"]
[EventCountry "GER"]

1. c4 c5 2. Nc3 Nc6 3. g3 g6 4. Bg2 Bg7 5. e3 Nh6 6. Nge2 Nf5 7. d3 O-O 8. O-O
a6 9. Rb1 Rb8 10. b3 e6 11. Ne4 b6 12. Bb2 d5 13. Bxg7 Kxg7 14. N4c3 Nce7 15.
cxd5 exd5 16. d4 Bb7 17. Rc1 Qd6 18. Qd2 Rfd8 19. Rfd1 Rbc8 20. dxc5 Rxc5 21.
Na4 Rxc1 22. Rxc1 Rc8 23. Rxc8 Nxc8 24. Nac3 Nfe7 25. Nf4 Qb4 26. Qd3 Nd6 27.
Nfxd5 Nxd5 28. Bxd5 Bxd5 29. Nxd5 Qc5 30. Qc3+ Qxc3 31. Nxc3 f5 32. f3 Kf7 33.
Kf2 Ke6 34. Ke2 Nb7 35. Kd3 Nc5+ 36. Kd4 Kd6 37. e4 Ne6+ 38. Ke3 h6 39. exf5
gxf5 40. Ne2 Kc6 41. Nd4+ Nxd4 42. Kxd4 Kd6 43. h3 h5 44. g4 fxg4 45. fxg4 1-0

[Event "DEM U16w"]
[Site "Willingen"]
[Date "2006.06.04"]
[Round "2.9"]
[White "Zemella, Jennifer"]
[Black "Reh, Rebecca"]
[Result "1-0"]
[WhiteElo "1755"]
[BlackElo "1709"]
[PlyCount "41"]
[EventDate "2006.??.??"]
[EventType "swiss"]
[EventRounds "9"]
[EventCountry "GER"]

1. e4 c5 2. d4 cxd4 3. c3 Nf6 4. e5 Nd5 5. Nf3 Nc6 6. cxd4 d6 7. Nc3 Nb6 8. e6
fxe6 9. Ng5 Qc7 10. Nb5 Qb8 11. Qf3 Nd8 12. Bd3 g6 13. h4 Bg7 14. Nxh7 a6 15.
Bxg6+ Kd7 16. Nc3 Nc6 17. Be3 Nc4 18. Qf7 Bxd4 19. Bxd4 Nxd4 20. Qg7 Rxh7 21.
Bxh7 1-0

[Event "DEM U16w"]
[Site "Willingen"]
[Date "2006.06.04"]
[Round "2.10"]
[White "Dauer, Carolin"]
[Black "Hoffmann, Lena"]
[Result "0-1"]
[WhiteElo "1572"]
[BlackElo "1910"]
[PlyCount "76"]
[EventDate "2006.??.??"]
[EventType "swiss"]
[EventRounds "9"]
[EventCountry "GER"]

1. e4 d5 2. exd5 Qxd5 3. Nc3 Qa5 4. d4 c6 5. Bd2 Qc7 6. Nf3 Nf6 7. Be2 Bf5 8.
O-O e6 9. Re1 Bd6 10. Bg5 Nbd7 11. Qd2 h6 12. Bh4 O-O 13. Bg3 Bxg3 14. fxg3
Rad8 15. Bd3 Bxd3 16. Qxd3 Rfe8 17. Qf1 e5 18. Kh1 exd4 19. Nxd4 Qb6 20. Nb3
Ng4 21. h3 Ne3 22. Qf2 Nc4 23. Rxe8+ Rxe8 24. Qxb6 Ndxb6 25. Rb1 Re3 26. Kh2
Nd7 27. Na4 b5 28. Nc3 a6 29. Rd1 Nde5 30. Rd8+ Kh7 31. Nd1 Re2 32. Nd4 Rd2 33.
b3 Nf3+ 34. Nxf3 Rxd8 35. bxc4 Rxd1 36. cxb5 cxb5 37. Ne5 f6 38. Nd3 a5 0-1

[Event "DEM U16w"]
[Site "Willingen"]
[Date "2006.06.04"]
[Round "2.11"]
[White "Remy, Janina"]
[Black "Dittrich, Jaqueline"]
[Result "1-0"]
[WhiteElo "1887"]
[BlackElo "1589"]
[PlyCount "47"]
[EventDate "2006.??.??"]
[EventType "swiss"]
[EventRounds "9"]
[EventCountry "GER"]

1. c4 c6 2. Nf3 Nf6 3. g3 g6 4. Bg2 Bg7 5. O-O O-O 6. Nc3 d6 7. d3 e5 8. Rb1
Be6 9. Bd2 Nbd7 10. Ng5 Qe7 11. Nxe6 Qxe6 12. e4 Ne8 13. Qc2 f5 14. Ne2 fxe4
15. dxe4 Nb6 16. b3 Nc7 17. Be3 Rfd8 18. Rfd1 Rd7 19. Rd2 Rad8 20. Rbd1 d5 21.
Bxb6 axb6 22. exd5 cxd5 23. cxd5 Nxd5 24. Qc4 1-0

[Event "DEM U16w"]
[Site "Willingen"]
[Date "2006.06.04"]
[Round "2.12"]
[White "Reh, Theresa"]
[Black "Dobrusina, Anna"]
[Result "1-0"]
[WhiteElo "1840"]
[BlackElo "1564"]
[PlyCount "55"]
[EventDate "2006.??.??"]
[EventType "swiss"]
[EventRounds "9"]
[EventCountry "GER"]

1. e4 c5 2. Nf3 e6 3. d4 cxd4 4. Nxd4 a6 5. Bd3 Nf6 6. O-O Qc7 7. Nc3 Bd6 8. h3
b5 9. a3 Bb7 10. Kh1 Nc6 11. Nb3 O-O-O 12. Bxb5 Be5 13. Bd3 h5 14. Qe2 Nb8 15.
Na4 Bd6 16. Bd2 Rdg8 17. Ba5 Qc6 18. Nb6+ Kd8 19. Nc4+ Ke8 20. Nd4 Qc5 21. Bb4
Qxd4 22. Nxd6+ Kd8 23. Nxb7+ Ke8 24. Nd6+ Kd8 25. Nxf7+ Ke8 26. Nxh8 Rxh8 27.
Bc3 Qd6 28. e5 1-0

[Event "DEM U16w"]
[Site "Willingen"]
[Date "2006.06.04"]
[Round "2.13"]
[White "Billing, Tanja"]
[Black "Nekrassova, Ekatherina"]
[Result "1/2-1/2"]
[WhiteElo "1644"]
[BlackElo "1502"]
[PlyCount "53"]
[EventDate "2006.??.??"]
[EventType "swiss"]
[EventRounds "9"]
[EventCountry "GER"]

1. c4 c6 2. d4 d5 3. Nc3 e6 4. Nf3 dxc4 5. e3 b5 6. Bd2 Bb4 7. Be2 Nf6 8. Ne5
Bb7 9. Bf3 Qc7 10. O-O a5 11. a4 Bxc3 12. Bxc3 O-O 13. axb5 cxb5 14. Bxb7 Qxb7
15. Bxa5 Nc6 16. Nxc6 Qxc6 17. Qc2 Rfe8 18. Rfc1 Rac8 19. b3 Qd5 20. bxc4 Rxc4
21. Qb2 Rec8 22. h3 h6 23. Rxc4 Qxc4 24. Rb1 Rb8 25. Rc1 Qa4 26. Ra1 Qc4 27.
Rc1 1/2-1/2

[Event "DEM U16w"]
[Site "Willingen"]
[Date "2006.06.04"]
[Round "2.14"]
[White "Hingst, Silke"]
[Black "Voss, Janine"]
[Result "0-1"]
[WhiteElo "1407"]
[BlackElo "1628"]
[PlyCount "50"]
[EventDate "2006.??.??"]
[EventType "swiss"]
[EventRounds "9"]
[EventCountry "GER"]

1. e4 c5 2. d4 cxd4 3. c3 dxc3 4. Nxc3 d6 5. Bc4 Nc6 6. Nf3 g6 7. O-O Bg7 8.
Qe2 Nf6 9. Rd1 Bd7 10. e5 dxe5 11. Nxe5 Nxe5 12. Qxe5 Qb8 13. Qe2 a6 14. Bg5 e6
15. Nd5 Nxd5 16. Rxd5 b5 17. Bb3 Ra7 18. Rad1 Qc8 19. Rd6 O-O 20. Qd2 Be8 21.
Qe3 Rd7 22. Re1 Qb7 23. Rb6 Qa7 24. Rc6 Bxb2 25. Qxa7 Rxa7 0-1